| 000 | 00719nam a22002177a 4500 | ||
|---|---|---|---|
| 005 | 20150124125612.0 | ||
| 008 | 131121t ag||||| |||| 00| 0 esp d | ||
| 020 | _a8403520379 | ||
| 050 | 0 | 4 |
_aB 2580 _bL45 1964 |
| 100 | 1 | _aLeibniz, Gottfried Wilhelm | |
| 245 | 1 | 0 |
_aMonadología / _cGottfried Wilhelm Leibniz |
| 250 | _aTercera Edición: 1964 | ||
| 260 |
_aBuenos Aires, Argentina : _bAguilar, _c1964. |
||
| 300 |
_a61 paginas, _c15 X 12 centimetros, |
||
| 490 | _aIniciación Filosófica | ||
| 504 | _aIncluye: Indice | ||
| 600 |
_aLeibniz, Gottfried Wilhelm _d1646-1716 |
||
| 650 | 7 |
_2Lemb _aFilosofía _xBiografía |
|
| 700 | 1 |
_aLeibniz, Gottfried Wilhelm _eTraducción: Manuel Fuentes Benot |
|
| 942 |
_2ddc _cLIB |
||
| 999 |
_c45543 _d45543 |
||